Introducció a la historia del moviment obrer / (Record no. 147224)

MARC details
000 -LEADER
campo de control de longitud fija 00729nam a2200241 i 4500
001 - NÚMERO DE CONTROL
campo de control 147224
003 - IDENTIFICADOR DE NÚMERO DE CONTROL
campo de control ES-MaACL
005 - FECHA Y HORA DE LA ÚLTIMA TRANSACCIÓN
campo de control 20240229063322.0
007 - CAMPO FIJO DE DESCRIPCIÓN FÍSICA--INFORMACIÓN GENERAL
campo de control de longitud fija t|
008 - DATOS DE LONGITUD FIJA--INFORMACIÓN GENERAL
campo de control de longitud fija 070924s1966 sp |||| | cat d
080 ## - NÚMERO DE LA CLASIFICACIÓN DECIMAL UNIVERSAL
Número de la Clasificación Decimal Universal 335(46)(091)
100 0# - ENTRADA PRINCIPAL--NOMBRE DE PERSONA
Nombre de persona Tuñón de Lara, Manuel,
Fechas asociadas al nombre 1915-1997
9 (RLIN) 111681
245 10 - MENCIÓN DEL TÍTULO
Título Introducció a la historia del moviment obrer /
Mención de responsabilidad, etc. Manuel Tuñón de Lara.
250 ## - MENCION DE EDICION
Mención de edición 1ª ed.
260 ## - PUBLICACIÓN, DISTRIBUCIÓN, ETC.
Lugar de publicación, distribución, etc. Barcelona :
Nombre del editor, distribuidor, etc. Nova Terra,
Fecha de publicación, distribución, etc. 1966.
300 ## - DESCRIPCIÓN FÍSICA
Extensión 369 p. ;
Dimensiones 17 cm.
490 1# - MENCIÓN DE SERIE
Mención de serie Sintesí ;
Designación de volumen o secuencia 21
586 8# - NOTA DE PREMIOS
Nota de premios Premi Nova Terra 1965
650 14 - PUNTO DE ACCESO ADICIONAL DE MATERIA--TÉRMINO DE MATERIA
Término de materia o nombre geográfico como elemento de entrada Movimiento obrero-
Subdivisión geográfica España-
Subdivisión de forma Historia.
9 (RLIN) 15214
830 1# - PUNTO DE ACCESO ADICIONAL DE SERIE-TÍTULO UNIFORME
Título uniforme Sintesí ;
Designación de volumen o secuencia 21
9 (RLIN) 181167
852 ## - LOCALIZACIÓN
Ubicación ES-MaACL
Número de control de estantería C-30600
Holdings
Estatus retirado Estado de pérdida Estado de daño No para préstamo Biblioteca de origen Biblioteca actual Ubicación en estantería Fecha de adquisición Fuente de adquisición Total de préstamos Signatura topográfica completa Código de barras Visto por última vez Precio de reemplazo Tipo de ítem Koha
        Biblioteca del Ateneo de Madrid Biblioteca del Ateneo de Madrid Depósito 2 17/01/2008     C-30600 1153641 23/02/2023 23/02/2023 Libro impreso